| 000 | 00391nam a22001697a 4500 | ||
|---|---|---|---|
| 003 | OSt | ||
| 005 | 20250301094604.0 | ||
| 007 | 231 pages | ||
| 008 | 250301b |||||||| |||| 00| 0 eng d | ||
| 020 | _a9788131703892 | ||
| 040 | _c | ||
| 082 |
_23 _a629.135 _bPAL |
||
| 245 |
_aAircraft electrical systems _cPallet,E.H.J |
||
| 250 | _a3 | ||
| 260 |
_bPearson _c2024 |
||
| 942 |
_2ddc _cBK _e3 _n0 |
||
| 999 |
_c36185 _d36185 |
||